000 00793nam a2200265Ia 4500
003 OSt
005 20221006160150.0
006 a|||||r|||| 00| 0
007 ta
008 221006b |||||||| |||| 00| 0 chi d
020 _a9780804839907
_c
_27.95
024 _a44,499
037 _bGift, KCC (Window on Korea)
_cAnnuals, Advances
040 _aEASL
_cEASL
_bchi
041 _2chi
_achi
082 _aM31.495, P8
100 _aChung Taekyung
_9672172
245 0 _aKorean table from barbecue to bibimbap 100 easy to prepare recipes
260 _aTokyo
_bTuttle publication
_c2008
300 _a160p.
_ccm.
490 _v KEL
650 _aKEL
942 _hM31.495, P8
_cREF
_2CC
999 _c1112591
_d1112591